<?xml version="1.0" encoding="UTF-8"?>
<record
    xmlns:xsi="http://www.w3.org/2001/XMLSchema-instance"
    xsi:schemaLocation="http://www.loc.gov/MARC21/slim http://www.loc.gov/standards/marcxml/schema/MARC21slim.xsd"
    xmlns="http://www.loc.gov/MARC21/slim">

  <leader>01108nam a22002297a 4500</leader>
  <controlfield tag="003">NALT</controlfield>
  <controlfield tag="005">20220404113748.0</controlfield>
  <controlfield tag="008">      s2550    th                  tha d</controlfield>
  <datafield tag="020" ind1=" " ind2=" ">
    <subfield code="a">9789748819501</subfield>
  </datafield>
  <datafield tag="040" ind1=" " ind2=" ">
    <subfield code="a">NALT</subfield>
  </datafield>
  <datafield tag="041" ind1=" " ind2=" ">
    <subfield code="a">tha</subfield>
  </datafield>
  <datafield tag="050" ind1=" " ind2=" ">
    <subfield code="a">PN 98.S6 </subfield>
    <subfield code="b">&#xE01;774&#xE21; 2550</subfield>
  </datafield>
  <datafield tag="100" ind1="0" ind2=" ">
    <subfield code="a">&#xE40;&#xE01;&#xE28;&#xE34;&#xE19;&#xE35; &#xE08;&#xE38;&#xE11;&#xE32;&#xE27;&#xE34;&#xE08;&#xE34;&#xE15;&#xE23;</subfield>
    <subfield code="9">57569</subfield>
  </datafield>
  <datafield tag="245" ind1="1" ind2="0">
    <subfield code="a">"&#xE21;&#xE2D;&#xE07;" &#xE40;&#xE23;&#xE37;&#xE48;&#xE2D;&#xE07;&#xE43;&#xE2B;&#xE49; "&#xE40;&#xE2B;&#xE47;&#xE19;" &#xE20;&#xE32;&#xE1E; :   </subfield>
    <subfield code="b">&#xE20;&#xE32;&#xE1E;&#xE2A;&#xE30;&#xE17;&#xE49;&#xE2D;&#xE19;&#xE2A;&#xE31;&#xE07;&#xE04;&#xE21;&#xE41;&#xE25;&#xE30;&#xE42;&#xE25;&#xE01;&#xE17;&#xE31;&#xE28;&#xE19;&#xE4C;&#xE19;&#xE31;&#xE01;&#xE40;&#xE02;&#xE35;&#xE22;&#xE19; &#xE08;&#xE32;&#xE01;&#xE40;&#xE23;&#xE37;&#xE48;&#xE2D;&#xE07;&#xE2A;&#xE31;&#xE49;&#xE19;&#xE22;&#xE38;&#xE04;&#xE27;&#xE34;&#xE01;&#xE24;&#xE15;&#xE34;&#xE40;&#xE28;&#xE23;&#xE29;&#xE10;&#xE01;&#xE34;&#xE08; /</subfield>
    <subfield code="c">&#xE40;&#xE01;&#xE28;&#xE34;&#xE19;&#xE35; &#xE08;&#xE38;&#xE11;&#xE32;&#xE27;&#xE34;&#xE08;&#xE34;&#xE15;&#xE23;.</subfield>
  </datafield>
  <datafield tag="260" ind1=" " ind2=" ">
    <subfield code="a">&#xE19;&#xE04;&#xE23;&#xE1B;&#xE10;&#xE21; : </subfield>
    <subfield code="b">&#xE21;&#xE2B;&#xE32;&#xE27;&#xE34;&#xE17;&#xE22;&#xE32;&#xE25;&#xE31;&#xE22;&#xE23;&#xE32;&#xE0A;&#xE20;&#xE31;&#xE0F;&#xE19;&#xE04;&#xE23;&#xE1B;&#xE10;&#xE21;, </subfield>
    <subfield code="c">2550.</subfield>
  </datafield>
  <datafield tag="300" ind1=" " ind2=" ">
    <subfield code="a">365 &#xE2B;&#xE19;&#xE49;&#xE32; ;</subfield>
    <subfield code="c">21 &#xE0B;&#xE21;.</subfield>
  </datafield>
  <datafield tag="650" ind1=" " ind2="4">
    <subfield code="a">&#xE40;&#xE23;&#xE37;&#xE48;&#xE2D;&#xE07;&#xE2A;&#xE31;&#xE49;&#xE19;</subfield>
    <subfield code="9">57570</subfield>
    <subfield code="x">&#xE41;&#xE07;&#xE48;&#xE2A;&#xE31;&#xE07;&#xE04;&#xE21; </subfield>
    <subfield code="x">&#xE27;&#xE34;&#xE08;&#xE31;&#xE22;</subfield>
  </datafield>
  <datafield tag="650" ind1=" " ind2="4">
    <subfield code="a">&#xE27;&#xE23;&#xE23;&#xE13;&#xE01;&#xE23;&#xE23;&#xE21;&#xE44;&#xE17;&#xE22; </subfield>
    <subfield code="9">57571</subfield>
    <subfield code="x">&#xE41;&#xE07;&#xE48;&#xE2A;&#xE31;&#xE07;&#xE04;&#xE21; </subfield>
    <subfield code="x">&#xE27;&#xE34;&#xE08;&#xE31;&#xE22;</subfield>
  </datafield>
  <datafield tag="850" ind1=" " ind2=" ">
    <subfield code="a">NALT</subfield>
  </datafield>
  <datafield tag="942" ind1=" " ind2=" ">
    <subfield code="c">GB</subfield>
    <subfield code="2">lcc</subfield>
  </datafield>
  <datafield tag="998" ind1=" " ind2=" ">
    <subfield code="c">103</subfield>
    <subfield code="b">phon</subfield>
    <subfield code="j">104</subfield>
    <subfield code="k"> &#xE2A;&#xE32;&#xE22;&#xE1D;&#xE19; &#xE14;&#xE35;&#xE07;&#xE32;&#xE21;</subfield>
  </datafield>
  <datafield tag="999" ind1=" " ind2=" ">
    <subfield code="c">51255</subfield>
    <subfield code="d">51255</subfield>
  </datafield>
  <datafield tag="952" ind1=" " ind2=" ">
    <subfield code="0">0</subfield>
    <subfield code="1">0</subfield>
    <subfield code="2">lcc</subfield>
    <subfield code="4">0</subfield>
    <subfield code="7">0</subfield>
    <subfield code="8">CGBL</subfield>
    <subfield code="a">NALT</subfield>
    <subfield code="b">NALT</subfield>
    <subfield code="c">GEN</subfield>
    <subfield code="d">2022-04-04</subfield>
    <subfield code="o">PN 98.S6 &#xE01;774&#xE21; 2550</subfield>
    <subfield code="p">3961165305</subfield>
    <subfield code="r">2017-06-09 00:00:00</subfield>
    <subfield code="w">2017-06-09</subfield>
    <subfield code="y">GB</subfield>
  </datafield>
</record>
